01072nam a2200217 i 4500003000900000005001700009007000300026008004100029040003000070041000800100082002200108100004100130245008200171250002300253264008300276300002900359336002700388337003400415338002800449500037700477DO-SdBNP20251007142704.0ta251007b1964 dr ||||| |||| 00| 0 spa d aDO-SdBNPbspacBNPHUerda aspa 4a0bC965c 1963222 aCuello, Antonio,d1906-eautor4aut.10aCurso completo de de Correspondencia :b66 lecciones / cProf. Antonio Cuello aTercera edición  aSantiago, República Dominicana :bImprenta de L. H. Cruz, C. por A.,c1963.  a158 páginas ;c23 cm.  atextobtxt2rdacontent asin mediación bn2rdamedia avolumenbnc2rdacarrier aQue abarcan correspondencia comercial -- Bancaria, Oficial -- Diplomática y social – Terminología y documentación mercantil – Abundantes modelos y ejercicios prácticos. Fácil -- Sencillo -- Eficaz -- Más de 3000 graduandos en diferentes especialidades comerciales, han logrado, siguiendo con interés este curso, magnifica reducción en corto tiempo.